| 000 | 00481nam a2200193Ia 4500 | ||
|---|---|---|---|
| 008 | 170918s9999 xx 000 0 und d | ||
| 020 | _a941270637 | ||
| 050 | _bS592wh 1990 | ||
| 100 | _aSimmons, Marc | ||
| 245 | _aWhen six-guns ruled : | ||
| 245 | _boutlaw tales of the Southwest / | ||
| 245 | _cby Marc Simmons. | ||
| 260 | _aNew Mexico : | ||
| 260 | _bAncient city press, | ||
| 260 | _c1990 | ||
| 300 | _a125 pages : | ||
| 300 | _billustrations ; | ||
| 300 | _c21cm. | ||
| 999 |
_c343913 _d343913 |
||